000 00996nam a2200265 a 4500
999 _c330783
_d330783
001 1440559
003 NUST
005 20170807102816.0
008 850717r19841891pk 001 0 eng
010 _a 84931824
020 _a9693507355
020 _a9789693507355
040 _aDLC
_cDLC
_dDLC
043 _aa-ii---
_aa-pk---
050 0 0 _aDS485.P2
_bL35 1984
082 0 0 _a954.14
_bLAT
100 1 _aLatif, Syad Muhammad,
_d1851-1902.
_93788
245 1 0 _aHistory of the Punjab from the remotest antiquity to the present time /
_cby Syad Muhammad Latif.
250 _a1st Pakistani ed.
260 _aLahore :
_bProgressive Books,
_c1984.
300 _axix, 652 p. ;
_c24 cm.
500 _aReprint. Originally published: History of the Panjab from the remotest antiquity Calcutta : Calcutta Central ress Co., 1891.
500 _aLimited edition of 250 copies.
500 _aIncludes index.
651 0 _aPunjab (India)
_xHistory.
_93789
906 _a7
_bcbc
_corignew
_d3
_encip
_f19
_gy-gencatlg
942 _2ddc
_cBK